Statistiques concernant Les communes d'Occitanie sur le littoral

Cliquez ici pour prendre le quiz!

Statistiques générales

  • Ce quiz a été pris 393 fois
  • Le résultat moyen est 12 sur 31

Réponses sur la Carte

Les réponses sont colorées sur une échelle allant du rouge au vert en fonction du pourcentage des utilisateurs qui les ont devinées à leur premier essai. Vous pouvez retrouver ces pourcentages ci-dessous.
 

Statistiques - réponses

Réponse% Correct
Narbonne
84%
Sète
81%
Agde
76%
Collioure
60%
Argelès-sur-Mer
57%
Palavas-les-Flots
52%
La Grande-Motte
51%
Le-Grau-du-Roi
51%
Cerbère
46%
Leucate
44%
Gruissan
40%
Canet-en-Roussillon
39%
Frontignan
39%
Saint-Cyprien
39%
Marseillan
38%
Port-Vendres
37%
Banyuls-sur-Mer
35%
Le Barcarès
32%
Valras-Plage
31%
Port-la-Nouvelle
30%
Vias
23%
Mauguio
21%
Elne
20%
Sérignan
20%
Vendres
20%
Sainte-Marie-la-Mer
18%
Torreilles
18%
Villeneuve-lès-Maguelone
15%
Fleury
13%
Portiragnes
13%
Vic-la-Gardiole
11%

Distribution des résultats

Percentile par nombre de réponses

% des personnes avec chaque résultat

Votre développement - résultats

Vous n’avez pas pris ce quiz